00434nam a2200133Ia 4500100002200000942000700022654002800029245004800057260004400105300000800149546001200157999001700169952011400186 aO''''Brien/ S.K.  cBK aTurbo pascal handbook 7 aTurbo pascal 7 : The Complete Reference bObsorne/ McGraw - HillaNew Delhic1998 a456 aENGLISH c23150d23150 001040708CRCaCRCEbCRCEd2023-03-17eglobal booksg135.00l0o p6591r2023-03-17v135.00w2023-03-17yBK